| 000 | 00736nam a2200265Ia 4500 | ||
|---|---|---|---|
| 008 | 170711s9999 xx 000 0 und d | ||
| 020 | _a9780061783715 | ||
| 050 | _a920 | ||
| 050 | _bC881 2005 | ||
| 100 | _aCoyle, Daniel | ||
| 245 | _aLance Armstrong's war : | ||
| 245 | _bone man's battle against fate, fame, love, death, scandal, and a few other rivals on the road to the tour de France. | ||
| 245 | _cby Daniel Coyle. | ||
| 260 | _aNew York : | ||
| 260 | _bHarper, | ||
| 260 | _c2005 | ||
| 300 | _axiv, 375 pages : | ||
| 300 | _billustrations ; | ||
| 300 | _c20cm. | ||
| 650 | _aArmstrong, Lance. | ||
| 650 | _aCyclists -- | ||
| 650 | _aCyclists. | ||
| 650 | _xUnited States -- Biography. | ||
| 700 | _aTitle. | ||
| 999 |
_c339689 _d339689 |
||